000 00787nas a2200265 4500
001 BR2016004387
003 BR-BrBNA
005 20231205130803.0
007 ta
008 230509b bl.|||p| |||| 00| 00por d
040 _aBR-BrBNA
_bpor
_cBiblioteca Nacional de Agricultura
041 _a(Pt)
072 _aH10
100 1 _aLopes, S.M.
100 1 _aOliveira, E.H. de
245 1 _aEspécies novas de Blaptica do Rio Grande do Sul, Brasil (Blattaria, Blaberidae, Blaberinae)
650 _aBARATA
650 _aINSETO
650 _aESPÉCIE
650 _aBIOLOGIA
650 _aTAXONOMIA
773 0 _tIheringia. Série Zoologia (Brazil)
_xISSN 0073-4721
_g(Mar 2005), v. 94(1) p. 93-101
_wBR2016004387
909 _a202311
_bLúcia
_c55
_dLúcia Elande
942 _2AGRIS
_n0
_cANA
999 _c251239
_d251239